00570 a2200181 45000010006000000050017000060080041000230030015000640400040000790800081001192450047002002500012002472640058002593000019003170410008003361000018003447000026003626140320260407155904.0260407a1957 arg spa dAR-UNSa-BCEJYS aAR-UNSa-BCEJYSbspacAR-UNSa-BCEJYS a347.61/.64xDerecho de familia (La familia, Matrimonio, Filiación, Tutela)10aCurso de derecho civilpDerecho de familia a2a. ed. 1aBuenos Aires :bBiblioteca Jurídica Argentinac1957 a336 p.c23 cm. aspa1 aFrutos, Pedro1 aArgüello, Isauro P.